000 00541 a2200169 4500
001 066521
003 OSt
005 20210930163407.0
008
082 _a822.33
_bS15W
100 1 _aShakespeare, William
245 1 _aThe winter's tale
_cby William Shakespeare
260 _aLondon
_bWordsworth
_c2005
300 _a151p.
690 _aKings and rulers; Italy--Sicily; Fathers and daughters; Castaways; Married people; Winter's tale (Shakespeare, William); Adultery; Reconciliation
942 _2ddc
_cBK
999 _c566
_d566